Sports Quiz

Random Sports or Auto Racing Quiz
Score 0/12 Timer 08:00
0 Plays Today
Driver % Correct
Alain Prost
100%
René Arnoux
86.8%
Olivier Panis
83.1%
Jean Alesi
79%
Jacques Laffite
77.6%
Patrick Tambay
72.4%
Jean-Pierre Jabouille
71.7%
Didier Pironi
71.4%
Patrick Depailler
67%
François Cevert
62%
Maurice Trintignant
61.3%
Jean-Pierre Beltoise
56.1%
Remove Ads.
Support Sporcle.
Get the best of Sporcle when you Go Orange. This ad-free experience offers more features, more stats, and more fun while also helping to support Sporcle. Thank you for becoming a member.

You're not logged in!

Compare scores with friends on all Sporcle quizzes.
OR
Log In

Show Comments

Extras

Top Quizzes Today


Score Distribution

Your Account Isn't Verified!

In order to create a playlist on Sporcle, you need to verify the email address you used during registration. Go to your Sporcle Settings to finish the process.

Report this User

Report this user for behavior that violates our Community Guidelines.

Details: